Statistiques concernant Minifigs LEGO Star Wars les plus courantes

Cliquez ici pour prendre le quiz!

Statistiques générales

  • Ce quiz a été pris 353 fois
    (126 depuis la dernière actualisation)
  • Le résultat moyen est 30 sur 54

Statistiques - réponses

IndiceRéponse% Correct
74Anakin Skywalker / Dark Vador1999
99%
77Luke Skywalker1999
97%
58R2-D21999
94%
60Han Solo2000
93%
28C-3PO2000
92%
32Leia Organa2000
89%
44Obi-Wan Kenobi / Ben Kenobi1999
89%
17Sheev Palpatine / Dark Sidious2000
89%
15Yoda2002
89%
13Rey Palpatine / Rey Skywalker2015
88%
35Chewbacca2000
82%
11Dark Maul / Maul1999
80%
8Padmé Amidala1999
79%
8Kylo Ren2015
78%
13Sandtrooper2004
77%
18Scout trooper (Empire)1999
77%
43Snowtrooper (Empire)2003
77%
53Stormtrooper (Empire)2001
77%
17Stormtrooper (Premier Ordre)2015
77%
9Mace Windu2005
76%
13Pilote clone2006
74%
11Soldat clone (501e Légion)2013
74%
41Soldat clone (standard)2002
74%
9Finn2015
69%
20Boba Fett2000
67%
11Qui-Gon Jinn1999
67%
14Droïde de combat (pilote)2001
60%
10Poe Dameron2015
58%
8Jar Jar Binks1999
57%
14BB-82015
55%
9Lando Calrissian2003
55%
11Ahsoka Tano2008
48%
126Droïde de combat (standard)1999
48%
7Grievous2005
48%
24Super droïde de combat2002
47%
11Soldat de la flotte rebelle2008
39%
27Pilote de TIE (Empire)2001
38%
11Pilote d'AT-AT2003
37%
13Din Djarin2019
34%
9Commando rebelle (Endor)2009
31%
9L'Enfant / Grogu2020
31%
11Commando rebelle (Scarif)2016
29%
13Mandalorien2011
29%
31Soldat rebelle (Hoth)1999
28%
9Tusken2002
18%
11Droïdeka2002
17%
18Garde impérial2001
17%
16Jawa2005
16%
14Officier (Empire)2002
12%
10Soldat de la Résistance2015
9%
9Droïde assassin2008
7%
12Droïde Gonk2003
5%
14Droïde sonde Sith1999
3%
7Jon "Dutch" Vander1999
1%

Distribution des résultats

Percentile par nombre de réponses

% des personnes avec chaque résultat

Votre développement - résultats

Vous n’avez pas pris ce quiz depuis la dernière actualisation